000 00251 a2200097 4500
001 33799
100 _aAlmas M.A.
245 _aNawab Bahadur Haider Ali Khan ; Wali Maisoor [Urdu]
260 _aLahore
_bMaktabh Al Quresh
_c1992
090 _c22452
_d22452
942 _aNUST-CAE
_cM
_c13839
999 _c268872
_d268872